LEADER 00950nam a2200229 i 4500 001 000000073896 003 CaOOAMICUS 005 20070410000000.0 008 070410s1950 it u000 u ita u 013 $a45068 040 $aSeMil$bita 100 1 $aGatto, Alfonso <1909-1976>.$0(OLS)http://semarc/name/36660 245 10$aNuove poesie, 1941-1949 /$cAlfonso Gatto. 260 $a[Milano] :$bArnoldo Mondadori Editore,$c1950 (copyr. 1949) 300 $a153 p. ;$c20 cm. 490 0 $aLo specchio : i poeti e i prosatori del nostro tempo 650 4$aPoesia italiana - Sec. 20. - Testi.$0(OLS)http://semarc/subject/1280 830 3$aLo specchio.$0(OLS)http://semarc/title/7841 850 $aSeMil 852 $aSeMil$W1$xVenegono$y1$m1B II 14$j40048$B40048$CSeMilBibl$Z2$F40052 $81 996 $6245$aNuove poesie, 1941-1949$9(OLS)http://semarc/title/119879 996 $6260$a[Milano] :$bArnoldo Mondadori Editore$9(OLS)http://semarc/publisher/29634 LEADER 01241nam a2200289 i 4500 001 000000116709 003 CaOOAMICUS 005 20030626000000.0 008 030626s1997 it u000 u ita u 013 $a89398 020 $a88-7305-586-9 040 $aSeMil$bita 100 1 $aHoinacki, Lee.$0(OLS)http://semarc/name/48734 240 13$aEl camino : walking to Santiago de Compostela.$0(OLS)http://semarc/title/171162 245 13$aIl cammino :$ba piedi verso Santiago de Compostela /$cLee Hoinacki ; traduzione di Cecilia Vaienti. 260 $aVicenza :$bNeri Pozza,$ccopyr. 1997. 300 $a371 p. ;$c21 cm. 500 $aFondo Card. C.M. Martini. 650 4$aSantiago di Compostela - Pellegrinaggi.$0(OLS)http://semarc/subject/16419 700 1 $aVaienti, Cecilia.$0(OLS)http://semarc/name/45768 850 $aSeMil 852 $aSeMil$W1$xVenegono$y1$m4Y III 34$j72124$B72124$CSeMilBibl$Z2$F104163 $81 941 1 $a4 961 $aOmaggio: Martini Card. Carlo Maria 996 $6020$a88-7305-586-9$9(OLS)http://semarc/number/100889 996 $6245$aIl cammino :$ba piedi verso Santiago de Compostela$9(OLS)http://semarc/title/171161 996 $6260$aVicenza :$bNeri Pozza$9(OLS)http://semarc/publisher/32468